000 00436nam a2200181Ia 4500
008 210210b1977 xxu||||| |||| 00| 0 eng d
041 _aeng
082 _aS891.109 PANS
100 _aPANDEYEN (Amarnath)
245 _aSanskrit kavi samIksha
260 _aVarANasi
_bChaukamba oriyantaliya
_c1977
300 _a148
650 _aSanskrit
650 _asamIksha
650 _akavi
690 _aSanskrit Poetry
906 _aSG00946
999 _c150047
_d150047